000 00724nam a22002417a 4500
001 BR9208118
003 BR-BrBNA
005 20230928093657.0
007 ta
008 230509b bl.||||| |||| 00| 0 por d
040 _aBR-BrBNA
_bpor
_cBiblioteca Nacional de Agricultura
041 _a(Por)
072 _aH01
090 _ H01 BR9208118
110 1 _aSecretaria Nacional de Defesa Agropecuaria, Brasilia, DF (Brasil). Secretaria de Defesa Sanitaria Vegetal
_99194
245 1 _aPlano nacional de defesa sanitaria vegetal (PNDSV)
260 3 _aBrasilia, DF (Brasil):
_c1985.
300 _a18 p.
650 _aDEFESA VEGETAL
650 _aINSPECAO SANITARIA
909 _a202309
_bLucia
_c55
_dLucia Elande
942 _cBK
999 _c46422
_d46422